Základní
MARC
Záznam Personal Name
Počet záznamů používajících tuto autoritu: 1
001 - CONTROL NUMBER
- control field: 20733
003 - CONTROL NUMBER IDENTIFIER
- control field: ABG508
005 - DATE AND TIME OF LATEST TRANSACTION
- control field: 20260429110433.0
008 - FIXED-LENGTH DATA ELEMENTS
- fixed length control field: 260429|| aca||aabn | a|a d
040 ## - CATALOGING SOURCE
- Original cataloging agency: ABG508
- Transcribing agency: ABG508
100 ## - HEADING--PERSONAL NAME
- Personal name: Kreisingerová, Ina,
- Dates associated with a name: 1983-
670 ## - SOURCE DATA FOUND
- Source citation: Work cat.: (ABG508)34238: Tkáč, Jan, 1973- aut 20732, Kroniky beskydských draků. Tajemství ztracené kroniky /